| 000 | 01660nam a2200481 i 4500 | ||
|---|---|---|---|
| 001 | 22510 | ||
| 003 | KOSZ 005 | ||
| 005 | 20200303142244.0 | ||
| 008 | 000320s1980 pl a f |001 0 pol d | ||
| 015 | _aPB 1980/8509 | ||
| 020 | _a8320402697 | ||
| 035 | _a991013519439705066 | ||
| 035 | _a(PL-WaBN)b13641943-48omnis_nlop | ||
| 035 | _ab13641943 | ||
| 035 | _a(OCoLC)830960307 | ||
| 035 | _a(PL)b0000001364194 | ||
| 035 | _a(EXLNZ-48OMNIS_NETWORK)9910205738905606 | ||
| 040 |
_aWA N _cWA N _dKOSZ 005/EG |
||
| 041 | 1 |
_apol _hrus |
|
| 080 | _a621.97 | ||
| 100 | 1 |
_aBočarov, Ûrij Aleksandrovič _eAutor |
|
| 245 | 1 | 0 |
_aPrasy śrubowe / _cJ. A. Boczarow ; tł. z ros. Artur Karaszkiewicz, Krzysztof Chodnikiewicz. |
| 246 | 1 |
_iTyt. oryg.: _aVintovye pressy, _f1976 |
|
| 260 |
_aWarszawa : _bWydaw-a Naukowo-Techniczne, _c1980. |
||
| 300 |
_a263, [1] s. : _bil. tab. wykr. ; _c20 cm. |
||
| 336 |
_2rdacontent _aTekst _btxt |
||
| 337 |
_2rdamedia _aBez urządzenia pośredniczącego _bn |
||
| 338 |
_2rdacarrier _aWolumin _bnc |
||
| 380 | _aKsiążki | ||
| 380 | _aPublikacje fachowe | ||
| 388 | _a1901-2000 | ||
| 388 | _a1945-1989 | ||
| 504 | _aBibliogr. s. 254-258. - Indeks. | ||
| 650 | 7 |
_aPrasy śrubowe _2DBN |
|
| 650 | 7 | _aObróbka metali | |
| 658 | _aInżynieria i technika | ||
| 700 | 1 |
_aChodnikiewicz, Krzysztof _eTłumaczenie |
|
| 700 | 1 |
_aKaraszkiewicz, Artur _eTłumaczenie |
|
| 710 | 2 | _aWydawnictwa Naukowo-Techniczne | |
| 856 |
_uhttp://koha.tu.koszalin.pl/cgi-bin/koha/opac-detail.pl?biblionumber=22510 _yKatalog online BPK |
||
| 942 |
_2UKD _cKS |
||
| 999 |
_c22510 _d22510 |
||